Fr. Conceicao Rodrigues College of Engineering

Text book of Biotechnology (Record no. 19878)

MARC details
000 -LEADER
fixed length control field 00360nam a2200169Ia 4500
082 ## - DEWEY DECIMAL CLASSIFICATION NUMBER
Classification number 664.024
Item number KUM
100 ## - MAIN ENTRY--PERSONAL NAME
Personal name Kumar/H.D.
250 ## - EDITION STATEMENT
Edition statement 2
245 ## - TITLE STATEMENT
Title Text book of Biotechnology
260 ## - PUBLICATION, DISTRIBUTION, ETC.
Name of publisher, distributor, etc. East West Press
Place of publication, distribution, etc. New Delhi
Date of publication, distribution, etc. 1998
300 ## - PHYSICAL DESCRIPTION
Extent 639
546 ## - LANGUAGE NOTE
Language note ENGLISH
650 ## - SUBJECT ADDED ENTRY--TOPICAL TERM
Topical term or geographic name entry element General
654 ## - SUBJECT ADDED ENTRY--FACETED TOPICAL TERMS
Focus term Biotechnology
942 ## - ADDED ENTRY ELEMENTS (KOHA)
Koha item type BOOK
Holdings
Withdrawn status Lost status Damaged status Not for loan Collection Home library Current library Date acquired Total Checkouts Full call number Barcode Date last seen Price effective from Koha item type Date last checked out
        CRC Fr. Agnel's C.Rodrigues College of Engineering Fr. Agnel's C.Rodrigues College of Engineering 17/03/2023   664.024 KUM 10827 17/03/2023 17/03/2023 BOOK  
        CRC Fr. Agnel's C.Rodrigues College of Engineering Fr. Agnel's C.Rodrigues College of Engineering 17/03/2023 1 664.024 KUM 10828 16/01/2024 17/03/2023 BOOK 15/01/2024